Statistics for Dating Profiles of Fictional Characters

Click here to take the quiz!

General Stats

  • This quiz has been taken 194 times
  • The average score is 10 of 15

Answer Stats

Dating Profile Fictional Character % Correct
Older Romanian Nobleman looking for a younger woman with a good heart to spend evenings with. I like cooking and I make a mean black pudding, but I never, ever use garlic.Count Dracula
86%
Decorated war hero looking for someone to share a park bench with. I enjoy long distance running, table tennis, and chocolate.Forrest Gump
83%
London gentleman searching for a nice gal to challenge me mentally. I enjoy smoking my pipe, playing my violin, and perchance taking a spot of cocaine to stimulate the senses.Sherlock Holmes
81%
Reclusive Billionaire with an active night life. I enjoy a little cosplay, spending time in my man cave, and inventing cool gadgets. Don't ask why, but I HATE the theatre.Bruce Wayne
80%
Cultured psychiatrist looking for a frequent dinner partner. I would gladly cook for you my specialty...liver with fava beans complimented with a nice '86 Chianti.Hannibal Lecter
73%
Roadside motel owner from Fairvale, CA looking for a nice girl. One that mother would approve of. I would gladly cook you dinner while you relaxed in a nice hot shower after a long day.Norman Bates
73%
How YOU doin'? You wanna date an actor? My likes include pizza, italian meatballs, italian subs, turkey and Grandma's chicken salad...and pizza.Joey Tribbiani
72%
If looks aren't a deal breaker then I'm your man. I am shorter with a pale complexion. I enjoy precious jewely, ESPECIALLY gold rings, and an occasional riddle.Gollum
68%
Lonely London heiress looking for a good time. I like unique fur coats and driving my luxury Panther around town. Definitely more of a cat person.Cruella de Vil
66%
Hard working blue collar italian looking to settle down. I like mushrooms, gold coins, and breaking stuff with my head and for some reason I really, really don't like turtles.Mario
59%
Kazakh filmmaker looking for a specific type of woman. Must be a hot, blond, lifeguard, 5'-7" tall 105 lb with measurments of 36-24-36 and answers to the name Pa-Mella.Borat
59%
Valiant Spaniard with a vivid imagination looking for a fair damsel in distress. I love reading and horseback riding with my squire.Don Quixote
51%
Widowed white male with two kids looking to get back in the game. I am a Lawyer and marksman from Maycomb, Alabama who isn't afraid to represent black defendants.Atticus Finch
50%
Manhattan investment banker looking for a few nice ladies who appreciate the finer things. My likes include expensive designer clothes, Huey Lewis and the News, Genesis, and nice business cards.Patrick Bateman
29%
Single amputee from Nantucket looking for love. I enjoy sailing but have a bit of an obsessive personality.Captain Ahab
28%

Score Distribution

Percentile by Number Answered

Percent of People with Each Score

Your Score History

You have not taken this quiz